<?xml version="1.0" encoding="UTF-8"?>
<record
    xmlns:xsi="http://www.w3.org/2001/XMLSchema-instance"
    xsi:schemaLocation="http://www.loc.gov/MARC21/slim http://www.loc.gov/standards/marcxml/schema/MARC21slim.xsd"
    xmlns="http://www.loc.gov/MARC21/slim">

  <leader>01504nam a22002537a 4500</leader>
  <controlfield tag="005">20160206115314.0</controlfield>
  <controlfield tag="008">130806b2005    ck ||||| |||| 00| 0 spa d</controlfield>
  <datafield tag="040" ind1=" " ind2=" ">
    <subfield code="c">CO-BoIH</subfield>
    <subfield code="a">CO-BoIAVH</subfield>
  </datafield>
  <datafield tag="041" ind1=" " ind2=" ">
    <subfield code="a">spa</subfield>
  </datafield>
  <datafield tag="044" ind1=" " ind2=" ">
    <subfield code="a">ck</subfield>
  </datafield>
  <datafield tag="090" ind1=" " ind2=" ">
    <subfield code="a">IAVH</subfield>
    <subfield code="b">00482</subfield>
  </datafield>
  <datafield tag="100" ind1="1" ind2=" ">
    <subfield code="a">Mart&#xED;nez-Gonz&#xE1;lez, Sara Luz</subfield>
    <subfield code="9">1292</subfield>
  </datafield>
  <datafield tag="245" ind1="1" ind2=" ">
    <subfield code="a">Conservaci&#xF3;n y uso sostenible de la biodiversidad de los Andes colombianos y  establecimiento colectivo de herramientas de manejo del paisaje con base en una estrateg&#xED;a de comunicaci&#xF3;n participativa</subfield>
  </datafield>
  <datafield tag="260" ind1=" " ind2=" ">
    <subfield code="a">Armenia</subfield>
    <subfield code="b">Instituto Alexander von Humboldt</subfield>
    <subfield code="c">2005</subfield>
  </datafield>
  <datafield tag="300" ind1=" " ind2=" ">
    <subfield code="a">38 paginas</subfield>
  </datafield>
  <datafield tag="500" ind1=" " ind2=" ">
    <subfield code="a">Resultado del proyecto de pasant&#xED;a.
&#xC1;rea de comunicaci&#xF3;n participativa
Proyecto Andes</subfield>
  </datafield>
  <datafield tag="520" ind1=" " ind2=" ">
    <subfield code="a">Haciendo uso de los medios locales, regionales y alternativos, se divulgan los avances del proceso del proyecto, as&#xED; como del establecimiento de herramientas de manejo de paisaje. Se dise&#xF1;an propuestas para hacer m&#xE1;s pedag&#xF3;gica la informaci&#xF3;n del Bolet&#xED;n Informativo El Aullador, ampliando su circulaci&#xF3;n. Mediante las herramientas que utiliza el &#xE1;rea de Comunicaci&#xF3;n Participativa, se contin&#xFA;a apoyando el trabajo con grupos focales de la regi&#xF3;n sobre aspectos de la diversidad. El informe est&#xE1; acompa&#xF1;ado de ejemplares de la publicaci&#xF3;n mencionada</subfield>
  </datafield>
  <datafield tag="650" ind1=" " ind2=" ">
    <subfield code="a">Divulgaci&#xF3;n en medios</subfield>
    <subfield code="9">1293</subfield>
  </datafield>
  <datafield tag="650" ind1=" " ind2="4">
    <subfield code="a">Proyecto Andes</subfield>
    <subfield code="9">57484</subfield>
  </datafield>
  <datafield tag="650" ind1=" " ind2="4">
    <subfield code="a">Establecimiento de HMP</subfield>
    <subfield code="9">1295</subfield>
  </datafield>
  <datafield tag="650" ind1=" " ind2="4">
    <subfield code="a">Conservaci&#xF3;n</subfield>
    <subfield code="9">57485</subfield>
  </datafield>
  <datafield tag="942" ind1=" " ind2=" ">
    <subfield code="2">z</subfield>
    <subfield code="c">INFORME</subfield>
  </datafield>
  <datafield tag="945" ind1=" " ind2=" ">
    <subfield code="d">2005-12-12</subfield>
  </datafield>
  <datafield tag="999" ind1=" " ind2=" ">
    <subfield code="c">4963</subfield>
    <subfield code="d">4963</subfield>
  </datafield>
  <datafield tag="952" ind1=" " ind2=" ">
    <subfield code="0">0</subfield>
    <subfield code="1">0</subfield>
    <subfield code="2">z</subfield>
    <subfield code="4">0</subfield>
    <subfield code="7">0</subfield>
    <subfield code="8">HUMBOLDT</subfield>
    <subfield code="I">INV2017</subfield>
    <subfield code="a">Bogota</subfield>
    <subfield code="b">Bogota</subfield>
    <subfield code="d">2005-12-12</subfield>
    <subfield code="l">0</subfield>
    <subfield code="o">IAVH-00482</subfield>
    <subfield code="p">022586</subfield>
    <subfield code="r">2024-08-09 00:00:00</subfield>
    <subfield code="t">Ej. 1</subfield>
    <subfield code="w">2012-12-04</subfield>
    <subfield code="x">Dep&#xF3;sito Institucional</subfield>
    <subfield code="y">INFORME</subfield>
  </datafield>
</record>
